Basic engineering thermodynamics / (Record no. 8922)
[ view plain ]
| 000 -LEADER | |
|---|---|
| fixed length control field | 00529cam a2200193ua 4500 |
| 020 ## - INTERNATIONAL STANDARD BOOK NUMBER | |
| ISBN | 07 085998 1 |
| 041 ## - LANGUAGE CODE | |
| Language code of text/sound track or separate title | eng |
| 082 ## - DEWEY DECIMAL CLASSIFICATION NUMBER | |
| Classification number | 621.4021 |
| Item number | ZEM/BA |
| 100 ## - MAIN ENTRY--AUTHOR NAME | |
| Personal name | Zemansky, Mark W . |
| 245 ## - TITLE STATEMENT | |
| Title | Basic engineering thermodynamics / |
| 250 ## - EDITION STATEMENT | |
| Edition statement | 2 / |
| 260 ## - PUBLICATION, DISTRIBUTION, ETC. (IMPRINT) | |
| Place of publication | Singapore : |
| Name of publisher | McGraw-Hill International Book Company , |
| Year of publication | 1984. |
| 300 ## - PHYSICAL DESCRIPTION | |
| Number of Pages | 492 ; . |
| 700 1# - ADDED ENTRY--PERSONAL NAME | |
| Personal name | Abbott, Michael M . |
| 700 1# - ADDED ENTRY--PERSONAL NAME | |
| Personal name | Vanness, Hendrick C . |
| 942 ## - ADDED ENTRY ELEMENTS (KOHA) | |
| Koha item type | Books |
| Withdrawn status | Lost status | Damaged status | Home library | Current library | Date acquired | Full call number | Accession Number | Koha item type | Collection code | Shelving location |
|---|---|---|---|---|---|---|---|---|---|---|
| KAUAET | KAUAET | 07/04/2012 | 621.4021 | 19448 | Books | |||||
| KAUAET | KAUAET | 21/02/2000 | 621.4021 ZEM/BA | 15681 | Books | Non-fiction | General Stacks |
